De recta humanae mentis institutione (Record no. 10905)
[ view plain ]
| 000 -CABECERA | |
|---|---|
| campo de control de longitud fija | 00868nam a22002297a 4500 |
| 001 - NÚMERO DE CONTROL | |
| campo de control | BRCA_9285 |
| 003 - IDENTIFICADOR DEL NÚMERO DE CONTROL | |
| campo de control | FranzMayer |
| 005 - FECHA Y HORA DE LA ÚLTIMA TRANSACCIÓN | |
| campo de control | 20230724112621.0 |
| 008 - DATOS DE LONGITUD FIJA--INFORMACIÓN GENERAL | |
| campo de control de longitud fija | 230721b |||||||| |||| 00| 0 eng d |
| 040 ## - FUENTE DE LA CATALOGACIÓN | |
| Centro catalogador/agencia de origen | MFM |
| Lengua de catalogación | esp |
| Centro/agencia transcriptor | MFM |
| 050 #4 - SIGNATURA TOPOGRÁFICA DE LA BIBLIOTECA DEL CONGRESO | |
| Número de clasificación | LE47 |
| Número de documento/Ítem | P43 1793 |
| 082 ## - NÚMERO DE LA CLASIFICACIÓN DECIMAL DEWEY | |
| Número de edición | BF168 |
| 100 1# - ENTRADA PRINCIPAL--NOMBRE DE PERSONA | |
| Código de función/relación | Autor |
| Nombre de persona | Peccio, Nicolao. |
| 9 (RLIN) | 28925 |
| 240 1# - TÍTULO UNIFORME | |
| Título uniforme | De recta humanae mentis institutione |
| Medio | Libri IV |
| Lenguaje de la obra | Latín |
| 245 0# - MENCIÓN DE TÍTULO | |
| Título | De recta humanae mentis institutione |
| Resto del título | Libri IV |
| 260 ## - PUBLICACIÓN, DISTRIBUCIÓN, ETC. | |
| Lugar de publicación, distribución, etc. | Matriti, Madrid |
| Nombre del editor, distribuidor, etc. | Ex Typographia Benedicti Cano |
| Fecha de publicación, distribución, etc. | 1793 |
| 300 ## - DESCRIPCIÓN FÍSICA | |
| Extensión | 204 P |
| Dimensiones | 18 cm |
| 505 0# - NOTA DE CONTENIDO CON FORMATO | |
| Nota de contenido con formato | Texto en: LatínDirigido a: teólogos, historiadores, obispos, personas pertenecientes a la iglesia católica.Incluye índice temático |
| 650 1# - PUNTO DE ACCESO ADICIONAL DE MATERIA--TÉRMINO DE MATERIA | |
| Fuente del encabezamiento o término | Psicología |
| Término de materia o nombre geográfico como elemento de entrada | Historia de la psicología |
| Subdivisión de forma | Siglo XVIII |
| 9 (RLIN) | 28926 |
| 651 2# - PUNTO DE ACCESO ADICIONAL DE MATERIA--NOMBRE GEOGRÁFICO | |
| Fuente del encabezamiento o término | Mente humana |
| Nombre geográfico | Cerebro |
| Subdivisión de forma | Estudios de la mente |
| 9 (RLIN) | 28927 |
| 942 ## - ELEMENTOS DE PUNTO DE ACCESO ADICIONAL (KOHA) | |
| Fuente del sistema de clasificación o colocación | Library of Congress Classification |
| Tipo de ítem Koha | Libros |
| Estado de retiro | Estado de pérdida | Fuente del sistema de clasificación o colocación | Estado dañado | No para préstamo | Código de colección | Localización permanente | Ubicación/localización actual | Fecha de adquisición | Fuente de adquisición | Total de préstamos | Signatura topográfica completa | Código de barras | Fecha visto por última vez | Precio válido a partir de | Tipo de ítem Koha |
|---|---|---|---|---|---|---|---|---|---|---|---|---|---|---|---|
| El ejemplar forma parte de la colección y puede ser consultado según las políticas vigentes. | Library of Congress Classification | Conventual Franz Mayer | Biblioteca del Museo Franz Mayer (Rogerio Casas-Alatriste) | Biblioteca del Museo Franz Mayer (Rogerio Casas-Alatriste) | 21/07/2023 | Donación | LE47 P43 1793 | CFM00521 | 21/07/2023 | 21/07/2023 | Libros |